[Event "Hamar CC-ch A"]
[Site "Hamar"]
[Date "2019.02.28"]
[Round "2"]
[White "Dahl, Lars Havard Skugger"]
[Black "Bjortomt, Erling"]
[Result "1-0"]
[WhiteElo "1321"]
[BlackElo "1487"]
[PlyCount "71"]
[EventDate "2019.02.21"]
[EventType "swiss"]
[EventRounds "9"]
[EventCountry "NOR"]
[SourceTitle "EXT 2024"]
[Source "ChessBase"]
[SourceDate "2023.10.10"]
[SourceVersion "1"]
[SourceVersionDate "2023.10.10"]
[SourceQuality "1"]

1. e4 c5 2. Nc3 Nc6 3. f4 e6 4. Nf3 Be7 5. d3 d6 6. Be3 Nf6 7. h3 0-0 8. Qd2 Re8 9. g4 e5 10. f5 Nd4 11. Bxd4 cxd4 12. Ne2 b6 13. Ng3 h6 14. Be2 Nh7 15. h4 Nf6 16. Nh2 Nd7 17. Nf3 Bb7 18. g5 Kh7 19. 0-0-0 d5 20. Rdg1 dxe4 21. dxe4 Nc5 22. Nxe5 Nxe4 23. Nxe4 Bxe4 24. g6+ fxg6 25. fxg6+ Kg8 26. Bc4+ Kf8 27. Rf1+ Bf6 28. Rxf6+ Qxf6 29. Nd7+ Ke7 30. Nxf6 Kxf6 31. Qf4+ Kxg6 32. Bf7+ Kh7 33. Re1 g5 34. hxg5 d3 35. Bxe8 Rxe8 36. Rxe4 1-0

[Event "Hamar CC-ch A"]
[Site "Hamar"]
[Date "2018.02.01"]
[Round "3"]
[White "Brobakken, Vidar"]
[Black "Bjortomt, Erling"]
[Result "1/2-1/2"]
[WhiteElo "1351"]
[BlackElo "1503"]
[PlyCount "81"]
[EventDate "2018.01.04"]
[EventType "swiss"]
[EventRounds "9"]
[EventCountry "NOR"]
[SourceTitle "EXT 2024"]
[Source "ChessBase"]
[SourceDate "2023.10.10"]
[SourceVersion "1"]
[SourceVersionDate "2023.10.10"]
[SourceQuality "1"]

1. e4 c5 2. c3 e6 3. d4 cxd4 4. cxd4 Nc6 5. Nf3 d5 6. e5 Qb6 7. a3 Nge7 8. Nc3 Nf5 9. Na4 Qc7 10. b4 a6 11. Bb2 b5 12. Nc5 Bxc5 13. bxc5 Qa5+ 14. Qd2 Qxd2+ 15. Kxd2 0-0 16. Bd3 Bd7 17. Bc3 Nfe7 18. Rhb1 Rfb8 19. g4 g6 20. h4 Kg7 21. Ke3 Ng8 22. g5 Nge7 23. Nh2 Nf5+ 24. Bxf5 exf5 25. f4 h6 26. Nf3 Ra7 27. Ne1 hxg5 28. fxg5 Rab7 29. Nd3 Rh8 30. Rh1 a5 31. Rab1 Rhb8 32. Rh2 b4 33. axb4 axb4 34. Rhb2 Rh8 35. Be1 Rhb8 36. Nxb4 f4+ 37. Kxf4 Nxd4 38. Nd3 Rxb2 39. Rxb2 Rxb2 40. Nxb2 Ne6+ 41. Ke3 1/2-1/2

[Event "Hamar CC-ch A"]
[Site "Hamar"]
[Date "2018.01.18"]
[Round "2"]
[White "Bjortomt, Erling"]
[Black "Grasby, Marius"]
[Result "1/2-1/2"]
[WhiteElo "1503"]
[BlackElo "1377"]
[PlyCount "71"]
[EventDate "2018.01.04"]
[EventType "swiss"]
[EventRounds "9"]
[EventCountry "NOR"]
[SourceTitle "EXT 2024"]
[Source "ChessBase"]
[SourceDate "2023.10.10"]
[SourceVersion "1"]
[SourceVersionDate "2023.10.10"]
[SourceQuality "1"]

1. e4 c5 2. Nf3 d6 3. c3 Nf6 4. d3 e6 5. Be2 Be7 6. b3 0-0 7. Bb2 b6 8. 0-0 Bb7 9. Re1 Nbd7 10. Nbd2 Qc7 11. h3 d5 12. exd5 Nxd5 13. c4 Bf6 14. Bxf6 N5xf6 15. Ng5 Ne5 16. Nge4 Qe7 17. Nf3 Nc6 18. Nfg5 Nd4 19. Nxf6+ Qxf6 20. Ne4 Nxe2+ 21. Qxe2 Qg6 22. Qg4 Qxg4 23. hxg4 Rfd8 24. Re3 Rd4 25. f3 Rad8 26. Nf2 R8d6 27. Rae1 Kf8 28. Kh2 Ke7 29. Kg3 f6 30. Rh1 h6 31. Rhe1 Kf7 32. R1e2 g6 33. Re1 f5 34. gxf5 gxf5 35. Re5 Kf6 36. Kh2 1/2-1/2

[Event "Hamar CC-ch A"]
[Site "Hamar"]
[Date "2018.01.04"]
[Round "1"]
[White "Haukenes, Elias"]
[Black "Bjortomt, Erling"]
[Result "1-0"]
[WhiteElo "1290"]
[BlackElo "1503"]
[PlyCount "86"]
[EventDate "2018.01.04"]
[EventType "swiss"]
[EventRounds "9"]
[EventCountry "NOR"]
[SourceTitle "EXT 2024"]
[Source "ChessBase"]
[SourceDate "2023.10.10"]
[SourceVersion "1"]
[SourceVersionDate "2023.10.10"]
[SourceQuality "1"]

1. d4 d5 2. Nf3 Nf6 3. Bf4 e6 4. e3 c5 5. c3 Bd7 6. Nbd2 Nc6 7. Bd3 Be7 8. 0-0 0-0 9. Qc2 c4 10. Be2 Nh5 11. Be5 Nxe5 12. Nxe5 Nf6 13. b3 b5 14. a4 cxb3 15. Nxb3 bxa4 16. Nxd7 Qxd7 17. Na5 a3 18. Rfb1 Qc7 19. Nb3 Rab8 20. c4 dxc4 21. Bxc4 Rfc8 22. Rc1 Rb4 23. Nd2 Qa5 24. Qd3 Rb2 25. Nb3 Qb4 26. Nc5 Qd2 27. Qxd2 Rxd2 28. Ba6 Rb8 29. Rxa3 Rbb2 30. Rf1 Bxc5 31. dxc5 Ng4 32. c6 Rdc2 33. h3 Nxf2 34. c7 Nxh3+ 35. Kh2 Rxg2+ 36. Kxh3 Rh2+ 37. Kg3 Rbg2+ 38. Kf3 g5 39. c8Q+ Kg7 40. Qc3+ Kg6 41. Bd3+ f5 42. Ra6 Rg4 43. Bxf5+ Kxf5 1-0

[Event "Hamar op A"]
[Site "Hamar"]
[Date "2017.10.05"]
[Round "3"]
[White "Orsleie, Sivert Nikolai"]
[Black "Bjortomt, Erling"]
[Result "1/2-1/2"]
[WhiteElo "1473"]
[BlackElo "1536"]
[PlyCount "112"]
[EventDate "2017.09.07"]
[EventType "swiss"]
[EventRounds "7"]
[EventCountry "NOR"]
[SourceTitle "EXT 2024"]
[Source "ChessBase"]
[SourceDate "2023.10.10"]
[SourceVersion "1"]
[SourceVersionDate "2023.10.10"]
[SourceQuality "1"]

1. d4 Nf6 2. c4 e6 3. Nf3 b6 4. Bg5 Bb7 5. e3 Be7 6. Bd3 0-0 7. 0-0 c5 8. Nbd2 cxd4 9. Nxd4 Nc6 10. N2f3 Nxd4 11. Nxd4 Ne4 12. Bxe7 Qxe7 13. Qh5 Qg5 14. Qxg5 Nxg5 15. Rfd1 Ne4 16. Nb5 Bc6 17. Bxe4 Bxe4 18. Rxd7 a6 19. Nc3 Bg6 20. Rb7 Rfb8 21. Rxb8+ Rxb8 22. Rd1 Kf8 23. f4 Ke7 24. Kf2 Rd8 25. Rxd8 Kxd8 26. e4 f6 27. Ke3 Kc7 28. Kd4 Kc6 29. b4 Bf7 30. e5 f5 31. b5+ axb5 32. Nxb5 Bh5 33. Nd6 h6 34. g3 g5 35. a3 gxf4 36. gxf4 Bd1 37. Ne8 h5 38. h4 Kd7 39. Ng7 Ke7 40. c5 bxc5+ 41. Kxc5 Kf7 42. Kd6 Kxg7 43. Kxe6 Bc2 44. Ke7 Ba4 45. Ke6 Bc2 46. a4 Bxa4 47. Kxf5 Be8 48. e6 Bc6 49. Ke5 Bb5 50. f5 Kf8 51. f6 Bc4 52. Kf5 Bd5 53. Kg6 Bxe6 54. Kxh5 Kf7 55. Kg5 Bb3 56. h5 Bc2 1/2-1/2

[Event "Hamar CC-ch A"]
[Site "Hamar"]
[Date "2017.03.30"]
[Round "7"]
[White "Bjortomt, Erling"]
[Black "Holm, Ragnar"]
[Result "0-1"]
[WhiteElo "1303"]
[BlackElo "2065"]
[PlyCount "54"]
[EventDate "2017.01.05"]
[EventType "swiss"]
[EventRounds "9"]
[EventCountry "NOR"]
[SourceTitle "EXT 2024"]
[Source "ChessBase"]
[SourceDate "2023.10.10"]
[SourceVersion "1"]
[SourceVersionDate "2023.10.10"]
[SourceQuality "1"]

1. e4 c5 2. Nf3 e6 3. Nc3 a6 4. d3 Nc6 5. a3 d5 6. exd5 exd5 7. Be2 Nf6 8. 0-0 h6 9. Re1 Bd6 10. Bf1+ Be6 11. Ne2 Qc7 12. Ng3 0-0 13. b3 Rfe8 14. Bb2 d4 15. c3 Rad8 16. cxd4 Nxd4 17. Nxd4 cxd4 18. Bxd4 Bxg3 19. Bxf6 Bxh2+ 20. Kh1 gxf6 21. g3 Bxg3 22. fxg3 Qxg3 23. Qd2 Bd5+ 24. Bg2 Qxg2+ 25. Qxg2+ Bxg2+ 26. Kxg2 Rxe1 27. Rxe1 Rxd3 0-1

[Event "Hamar op B"]
[Site "Hamar"]
[Date "2016.12.01"]
[Round "7"]
[White "Mouawad, Jad"]
[Black "Bjortomt, Erling"]
[Result "1/2-1/2"]
[WhiteElo "1213"]
[BlackElo "1270"]
[PlyCount "87"]
[EventDate "2016.09.01"]
[EventType "swiss"]
[EventRounds "7"]
[EventCountry "NOR"]
[SourceTitle "EXT 2024"]
[Source "ChessBase"]
[SourceDate "2023.10.10"]
[SourceVersion "1"]
[SourceVersionDate "2023.10.10"]
[SourceQuality "1"]

1. d4 Nf6 2. c4 e6 3. Nf3 d5 4. Nc3 Bb4 5. a3 Bxc3+ 6. bxc3 b6 7. cxd5 exd5 8. Bg5 Nbd7 9. e3 0-0 10. Bb5 Bb7 11. Ne5 Nxe5 12. dxe5 h6 13. exf6 hxg5 14. fxg7 Kxg7 15. Qh5 Qf6 16. 0-0 Rh8 17. Qg4 c6 18. Bd3 Rh4 19. Qg3 Rah8 20. h3 Bc8 21. f4 Bxh3 22. fxg5 Qe6 23. Rf4 Rg4 24. Rxg4 Bxg4 25. Rf1 Bh5 26. Rf6 Qe8 27. Rh6 Rxh6 28. gxh6+ Kxh6 29. Qf4+ Kg7 30. Qg5+ Bg6 31. c4 Qe6 32. cxd5 Qxd5 33. Qxd5 cxd5 34. Bb5 Kf6 35. Kf2 Be4 36. g3 Ke5 37. Ke2 f5 38. Kf2 Kd6 39. Ke2 Kc5 40. a4 Kb4 41. Kd2 Kb3 42. Bc6 Kb4 43. Bb5 Kc5 44. Kc3 1/2-1/2

[Event "Hamar op B"]
[Site "Hamar"]
[Date "2016.10.20"]
[Round "4"]
[White "Torp, Elliot Sveum"]
[Black "Bjortomt, Erling"]
[Result "0-1"]
[WhiteElo "1019"]
[BlackElo "1270"]
[PlyCount "114"]
[EventDate "2016.09.01"]
[EventType "swiss"]
[EventRounds "7"]
[EventCountry "NOR"]
[SourceTitle "EXT 2024"]
[Source "ChessBase"]
[SourceDate "2023.10.10"]
[SourceVersion "1"]
[SourceVersionDate "2023.10.10"]
[SourceQuality "1"]

1. e4 c5 2. Nf3 Nc6 3. d4 cxd4 4. Nxd4 Qc7 5. Nc3 e6 6. a3 a6 7. Be3 d6 8. Be2 Nf6 9. 0-0 Bd7 10. Qd2 Nxd4 11. Qxd4 Qc5 12. Qxf6 gxf6 13. Bxc5 dxc5 14. Rad1 Bc6 15. Bh5 Bh6 16. Rfe1 Rg8 17. g4 Ke7 18. Nd5+ Bxd5 19. exd5 e5 20. c4 Bf4 21. Kh1 Rad8 22. Re2 Rd6 23. b4 b6 24. Rde1 f5 25. h3 Rh6 26. f3 fxg4 27. fxg4 Kd6 28. Rg2 f5 29. Kg1 fxg4 30. hxg4 Rf6 31. Rf1 Be3+ 32. Kh2 Rxf1 33. bxc5+ Kxc5 34. Rc2 Rf2+ 35. Rxf2 Bxf2 36. Kh3 e4 37. Bf7 Rf8 38. Bh5 Kxc4 39. d6 Bc5 40. d7 Rd8 41. Be8 e3 42. Kg2 Kd3 43. Kf1 Kd2 44. a4 e2+ 45. Kg2 e1Q 46. a5 bxa5 47. g5 Qxe8 48. dxe8Q Rxe8 49. g6 hxg6 50. Kf1 a4 51. Kg2 a3 52. Kf3 a2 53. Kg4 a1Q 54. Kg5 Qg1+ 55. Kh6 g5 56. Kh5 Rg8 57. Kh6 Qh1# 0-1

[Event "Hamar op B"]
[Site "Hamar"]
[Date "2016.09.01"]
[Round "1"]
[White "Bjortomt, Erling"]
[Black "Solbakken, Per"]
[Result "1-0"]
[WhiteElo "1270"]
[BlackElo "1101"]
[PlyCount "73"]
[EventDate "2016.09.01"]
[EventType "swiss"]
[EventRounds "7"]
[EventCountry "NOR"]
[SourceTitle "EXT 2024"]
[Source "ChessBase"]
[SourceDate "2023.10.10"]
[SourceVersion "1"]
[SourceVersionDate "2023.10.10"]
[SourceQuality "1"]

1. e4 c5 2. Nf3 Nc6 3. d4 cxd4 4. Nxd4 g6 5. Nxc6 bxc6 6. Bc4 e6 7. 0-0 Bg7 8. c3 Ne7 9. Bg5 0-0 10. Nd2 Re8 11. Bb3 Qa5 12. Bxe7 Rxe7 13. Nc4 Qc7 14. Qd6 Qxd6 15. Nxd6 Ba6 16. Rfd1 Be5 17. g3 Kg7 18. f4 Bxd6 19. Rxd6 Be2 20. Bd1 Ba6 21. b3 h5 22. Bf3 Rd8 23. Rad1 Bb7 24. h4 c5 25. Kf2 f5 26. e5 Bxf3 27. Kxf3 Rf7 28. Rxe6 dxe6 29. Rxd8 Rc7 30. Ke3 a5 31. Ra8 c4 32. Kd4 cxb3 33. axb3 Rd7+ 34. Ke3 Rd5 35. c4 Rc5 36. Ra7+ Kf8 37. Kd4 1-0

[Event "Hamar Ridabu School-ch B"]
[Site "Hamar"]
[Date "2016.01.07"]
[Round "1"]
[White "Solbakken, Per"]
[Black "Bjortomt, Erling"]
[Result "0-1"]
[WhiteElo "1072"]
[BlackElo "1243"]
[PlyCount "84"]
[EventDate "2016.01.07"]
[EventType "swiss"]
[EventRounds "9"]
[EventCountry "NOR"]
[SourceTitle "EXT 2024"]
[Source "ChessBase"]
[SourceDate "2023.10.10"]
[SourceVersion "1"]
[SourceVersionDate "2023.10.10"]
[SourceQuality "1"]

1. d4 Nf6 2. Nf3 e6 3. c4 b6 4. Nc3 Bb7 5. e3 d5 6. Be2 Bb4 7. Qa4+ Nc6 8. Ne5 Bxc3+ 9. bxc3 0-0 10. Nxc6 Qd7 11. cxd5 Nxd5 12. Bb5 Nxc3 13. Qc4 Nxb5 14. Qxb5 Qxc6 15. Qxc6 Bxc6 16. 0-0 Ba4 17. Ba3 Rfe8 18. h4 c6 19. g4 e5 20. dxe5 Rxe5 21. Bd6 Re6 22. Bf4 c5 23. a3 c4 24. Rac1 Bb3 25. Rc3 b5 26. Kg2 Ra6 27. Ra1 b4 28. Rcc1 bxa3 29. Be5 a2 30. g5 Rc6 31. Rc3 a5 32. Kf3 a4 33. Ke4 Rd8 34. Bd4 Re6+ 35. Kf5 Rd5+ 36. Kf4 g6 37. Kg4 Kf8 38. f4 Ke8 39. h5 gxh5+ 40. Kxh5 Kd7 41. f5 Rxf5 42. Bf6 Rexf6 0-1

[Event "Hamar Ridabu School-ch"]
[Site "Hamar"]
[Date "2015.02.05"]
[Round "3"]
[White "Bjortomt, Erling"]
[Black "Eriksen, Leander"]
[Result "1-0"]
[WhiteElo "1230"]
[BlackElo "929"]
[PlyCount "79"]
[EventDate "2015.01.08"]
[EventType "swiss"]
[EventRounds "9"]
[EventCountry "NOR"]
[SourceTitle "EXT 2024"]
[Source "ChessBase"]
[SourceDate "2023.10.10"]
[SourceVersion "1"]
[SourceVersionDate "2023.10.10"]
[SourceQuality "1"]

1. e4 e5 2. Nf3 Nc6 3. Bb5 d6 4. d4 Bg4 5. dxe5 Bxf3 6. gxf3 dxe5 7. Qxd8+ Rxd8 8. c3 Nf6 9. Rg1 g6 10. Be3 Be7 11. Bxa7 0-0 12. Bxc6 bxc6 13. Be3 Kg7 14. a4 Rd7 15. Nd2 Rb8 16. b4 Rd3 17. Rc1 Ra8 18. a5 c5 19. Ke2 Rdd8 20. Rb1 cxb4 21. cxb4 Rdb8 22. Bc5 Bxc5 23. bxc5 Rxb1 24. Rxb1 Rxa5 25. Rc1 c6 26. Rc3 Nd7 27. Ke3 Nxc5 28. Nc4 Ra1 29. Nxe5 Ne6 30. Rxc6 Rh1 31. Ra6 Rxh2 32. Ra7 Nd8 33. Rd7 Rh5 34. f4 Rh3+ 35. f3 Ne6 36. Nxf7 Rh4 37. Ng5+ Kg8 38. Nxe6 Rh1 39. Nd4 Rc1 40. e5 1-0

[Event "Hamar op B"]
[Site "Hamar"]
[Date "2014.09.18"]
[Round "2"]
[White "Opseth, Oliver"]
[Black "Bjortomt, Erling"]
[Result "0-1"]
[WhiteElo "872"]
[BlackElo "1250"]
[PlyCount "74"]
[EventDate "2014.09.04"]
[EventType "swiss"]
[EventRounds "9"]
[EventCountry "NOR"]
[SourceTitle "EXT 2024"]
[Source "ChessBase"]
[SourceDate "2023.10.10"]
[SourceVersion "1"]
[SourceVersionDate "2023.10.10"]
[SourceQuality "1"]

1. d4 Nf6 2. Nf3 e6 3. c4 b6 4. Nc3 Bb7 5. Bg5 Be7 6. e3 d6 7. Bd3 Nc6 8. 0-0 Qd7 9. e4 h6 10. Bh4 g5 11. Bg3 0-0-0 12. a4 Nh5 13. Qe2 Nxg3 14. fxg3 h5 15. Qd2 g4 16. Ng5 Bxg5 17. Qxg5 Nxd4 18. a5 Nb3 19. Ra3 Nxa5 20. b4 Nc6 21. Rb1 Ne5 22. Nb5 Nxd3 23. Rxd3 Bxe4 24. Nxa7+ Kb8 25. Rdd1 Bxb1 26. Rxb1 Kxa7 27. Ra1+ Kb7 28. c5 dxc5 29. bxc5 Qd4+ 30. Kf1 Qxa1+ 31. Kf2 Qb2+ 32. Ke1 Qc3+ 33. Kf2 Rd2+ 34. Qxd2 Qxd2+ 35. Kf1 Ra8 36. c6+ Kxc6 37. h3 Ra1# 0-1

[Event "Hamar CC-ch"]
[Site "Hamar"]
[Date "2014.03.06"]
[Round "5"]
[White "Bjortomt, Erling"]
[Black "Moen, Leif Magne"]
[Result "1-0"]
[WhiteElo "1185"]
[BlackElo "1292"]
[PlyCount "101"]
[EventDate "2014.01.09"]
[EventType "swiss"]
[EventRounds "9"]
[EventCountry "NOR"]
[SourceTitle "EXT 2024"]
[Source "ChessBase"]
[SourceDate "2023.10.10"]
[SourceVersion "1"]
[SourceVersionDate "2023.10.10"]
[SourceQuality "1"]

1. e4 c5 2. Nf3 Nc6 3. Nc3 d6 4. Be2 Nf6 5. d3 g6 6. Bg5 Bg7 7. Qd2 h6 8. Bxf6 Bxf6 9. Rb1 Qa5 10. 0-0 Be6 11. a3 Bg7 12. Nd5 Qxd2 13. Nxd2 Bxd5 14. exd5 Nd4 15. Bd1 0-0 16. b4 b6 17. bxc5 bxc5 18. Nc4 Rab8 19. Rxb8 Rxb8 20. Na5 Rb2 21. Nc6 Nxc2 22. Bxc2 Rxc2 23. Nxe7+ Kf8 24. Nc8 Be5 25. Nxa7 Rc3 26. Rd1 Rxa3 27. Nc6 Bf6 28. g3 g5 29. Kf1 Ra2 30. h3 Bd4 31. Nxd4 cxd4 32. Rc1 Rd2 33. Rc7 Rxd3 34. Rd7 f6 35. Rxd6 Ke7 36. Ra6 Rf3 37. Ke2 Rf5 38. d6+ Kd7 39. g4 Rd5 40. Kd3 Rxd6 41. Rxd6+ Kxd6 42. Kxd4 Ke6 43. Ke4 Kf7 44. Kf5 Kg7 45. f4 gxf4 46. Kxf4 Kg6 47. h4 Kg7 48. Kf5 Kf7 49. h5 Kg7 50. Ke6 Kh7 51. Kxf6 1-0

[Event "Hamar CC-ch"]
[Site "Hamar"]
[Date "2013.01.17"]
[Round "2"]
[White "Hoel, Ole"]
[Black "Bjortomt, Erling"]
[Result "1-0"]
[WhiteElo "1703"]
[BlackElo "1200"]
[PlyCount "49"]
[EventDate "2013.01.03"]
[EventType "swiss"]
[EventRounds "9"]
[EventCountry "NOR"]
[SourceTitle "EXT 2024"]
[Source "ChessBase"]
[SourceDate "2023.10.10"]
[SourceVersion "1"]
[SourceVersionDate "2023.10.10"]
[SourceQuality "1"]

1. d4 d5 2. c4 e6 3. Nc3 Nf6 4. Bg5 Be7 5. e3 a6 6. Nf3 0-0 7. Rc1 Nc6 8. Bd3 Nb4 9. Be2 Nc6 10. h3 Bd7 11. 0-0 b6 12. a3 Na5 13. Bxf6 Bxf6 14. cxd5 exd5 15. Nxd5 c6 16. Nxf6+ Qxf6 17. Ne5 Qe6 18. b4 Nb7 19. Bg4 Qd5 20. Nxd7 Rad8 21. Nxf8 Kxf8 22. Bf3 Qa2 23. Rxc6 Nd6 24. Qd3 g6 25. Qxa6 1-0